| 000 | 00997nas a2200325 4500 | ||
|---|---|---|---|
| 001 | BR2015005345 | ||
| 003 | BR-BrBNA | ||
| 005 | 20231205125725.0 | ||
| 007 | ta | ||
| 008 | 230509b bl.|||p| |||| 00| 00por d | ||
| 040 |
_aBR-BrBNA _bpor _cBiblioteca Nacional de Agricultura |
||
| 041 | _a(En) | ||
| 072 | _aF30 | ||
| 100 | 1 | _aLopes, M.A. | |
| 100 | 1 | _aFaleiro, F.G. | |
| 100 | 1 | _aFerreira, M.E. | |
| 100 | 1 | _aLopes, D.B. | |
| 100 | 1 | _aVivian, R. | |
| 100 | 1 | _aBoiteux, L.S. | |
| 245 | 1 | _aEmbrapa's contribution to the development of new plant varieties and their impact on Brazilian agriculture | |
| 650 | _aMELHORAMENTO GENÉTICO VEGETAL | ||
| 650 | _aINOVAÇÃO | ||
| 650 | _aVARIEDADE | ||
| 650 | _aIMPACTO AMBIENTAL | ||
| 650 | _aIMPACTO ECONÕMICO | ||
| 650 | _aIMPACTO SOCIAL | ||
| 773 | 0 |
_tCrop Breeding and Applied Biotechnology (Brazil) _xISSN 1518-7853 _g(Dec 2012), S2 p. 31-45 _wBR2015005345 |
|
| 909 |
_a202311 _bLúcia _c55 _dLúcia Elande |
||
| 942 |
_2AGRIS _n0 _cANA |
||
| 999 |
_c245776 _d245776 |
||